US States With Highest Percent Of Pacific Islander-Americans - Statistics

General Stats
  • This quiz has been taken 77 times
  • The average score is 8 of 9
Answer Stats
Rank State Percent % Correct
1 Hawaii 10.0%
100%
4 California 0.8%
99%
5 Nevada 0.6%
96%
7 Oregon 0.4%
96%
6 Washington 0.6%
96%
8 Arizona 0.2%
94%
3 Alaska 1.0%
85%
2 Utah 1.3%
82%
9 Arkansas 0.2%
19%
No matching quizzes found
Score Distribution
Percent of People with Each Score
Percentile by Number Answered
Your Score History
You have not taken this quiz